000 00596nam a22002057a 4500
005 20241121111100.0
010 _aENG-141823
020 _c950.00
_a9789385621406
035 _aEN-125355
037 _bDBAD
082 _a921
100 _akiran. A
_974023
245 _aDeendayal Upadhyaya/
_cBy A.Kiran
250 _a1
260 _aNew Delhi
_bNISHA PUBLICATIONS
_c2017
270 _bNew Delhi
_aG-11 A 4754/23, Akarshan Bhawan, Ansari Road, Daryaganj
_e110002
300 _a280vpp.
_c22cm(pbk)
700 _aKunwar neelma
_eauthour
_972136
942 _2ddc
_cEN
_h921
_mKIR
999 _c205987
_d205987